Instrumentation (Record no. 7912)

MARC details
000 -LEADER
fixed length control field 00661nam a2200205Ia 4500
003 - CONTROL NUMBER IDENTIFIER
control field IN-BaIIA
008 - FIXED-LENGTH DATA ELEMENTS--GENERAL INFORMATION
fixed length control field 211028s9999 xx 000 0 eng d
020 ## - INTERNATIONAL STANDARD BOOK NUMBER
International Standard Book Number 0-07-451852-6
040 ## - CATALOGING SOURCE
Transcribing agency IIA Library
080 ## - UNIVERSAL DECIMAL CLASSIFICATION NUMBER
Universal Decimal Classification number 621.1
Item number RAN
100 ## - MAIN ENTRY--PERSONAL NAME
Personal name Rangan, C. S.
9 (RLIN) 13335
245 #0 - TITLE STATEMENT
Title Instrumentation
Remainder of title devices and systems
Statement of responsibility, etc. C. S. Rangan, G. R. Sarma and V. S. V. Mani
260 ## - PUBLICATION, DISTRIBUTION, ETC.
Place of publication, distribution, etc. New Delhi
Name of publisher, distributor, etc. Tata McGraw-Hill
Date of publication, distribution, etc. 1983
300 ## - PHYSICAL DESCRIPTION
Extent xii, 529p.
650 ## - SUBJECT ADDED ENTRY--TOPICAL TERM
Topical term or geographic name entry element Electronic measurement
9 (RLIN) 13336
650 ## - SUBJECT ADDED ENTRY--TOPICAL TERM
Topical term or geographic name entry element Instrumentation devices
9 (RLIN) 13337
700 ## - ADDED ENTRY--PERSONAL NAME
Personal name Mani, V. S. V.
9 (RLIN) 13338
700 ## - ADDED ENTRY--PERSONAL NAME
Personal name Sarma, G. R.
9 (RLIN) 13339
942 ## - ADDED ENTRY ELEMENTS (KOHA)
Koha item type Books
Holdings
Withdrawn status Lost status Damaged status Not for loan Home library Current library Shelving location Date acquired Cost, normal purchase price Total Checkouts Full call number Barcode Date last seen Cost, replacement price Price effective from Koha item type Purchase Price
        IIA Library-Bangalore IIA Library-Bangalore General Stacks 14/07/1984 28.50   621.1/ RAN 8735 05/11/2021 28.50 14/07/1984 Books Rs. 28.50

Powered by Koha